Music Quiz

Random Music or Album Quiz

Disturbed Studio Songs Quiz Stats

 Plays Quiz not verified by Sporcle

Score 0/62 Timer 07:00
0 Plays Today
Album Song % Correct
IndestructibleIndestructible
100%
The SicknessDown With The Sickness
96%
Ten Thousand FistsTen Thousand Fists
96%
AsylumAsylum
96%
The SicknessVoices
88%
PrayerPrayer
88%
The SicknessStupify
84%
IndestructibleInside The Fire
84%
The SicknessThe Game
80%
Ten Thousand FistsStricken
80%
IndestructibleThe Night
80%
AsylumThe Animal
80%
IndestructiblePerfect Insanity
76%
PrayerBelieve
72%
PrayerRemember
72%
Ten Thousand FistsDeify
72%
Ten Thousand FistsAvarice
72%
IndestructibleThe Curse
72%
AsylumWarrior
72%
The SicknessDroppin' Plates
68%
Ten Thousand FistsGuarded
68%
Ten Thousand FistsLand Of Confusion
68%
The SicknessNumb
64%
The SicknessShout 2000
64%
PrayerAwaken
64%
PrayerRise
64%
Ten Thousand FistsJust Stop
64%
Ten Thousand FistsI'm Alive
64%
Ten Thousand FistsSons of Plunder
64%
IndestructibleEnough
64%
IndestructibleTorn
64%
Album Song % Correct
AsylumThe Infection
64%
AsylumAnother Way To Die
64%
AsylumMy Child
64%
The SicknessFear
60%
The SicknessWant
60%
The SicknessConflict
60%
PrayerLiberate
60%
PrayerBound
60%
PrayerDarkness
60%
Ten Thousand FistsOverburdened
60%
Ten Thousand FistsForgiven
60%
Ten Thousand FistsPain Redefined
60%
IndestructibleHaunted
60%
IndestructibleFacade
60%
AsylumRemnants
60%
AsylumNever Again
60%
AsylumSerpentine
60%
The SicknessViolence Fetish
56%
PrayerMistress
56%
The SicknessMeaning Of Life
52%
PrayerIntoxication
52%
PrayerBreathe
52%
PrayerDevour
52%
Ten Thousand FistsDecadence
52%
Ten Thousand FistsSacred Lie
52%
IndestructibleCriminal
52%
IndestructibleDeceiver
48%
IndestructibleDivide
48%
AsylumCrucified
48%
AsylumInnocence
48%
AsylumSacrifice
44%

You're not logged in!

Compare scores with friends on all Sporcle quizzes.
OR
Log In

Show Comments

Extras

Top Quizzes Today


Score Distribution

Your Account Isn't Verified!

In order to create a playlist on Sporcle, you need to verify the email address you used during registration. Go to your Sporcle Settings to finish the process.

Report this User

Report this user for behavior that violates our Community Guidelines.

Details: